FIFA World Cup 2026 - Czech Republic Squad - Statistics

General Stats
  • This quiz has been taken 4 times
  • The average score is 16 of 27
Answer Stats
Team # Position Club/Country Player % Correct
Czech Republic 9 ST TSG 1899 Hoffenheim Adam Hlozek
100%
Czech Republic 7 CB Wolverhampton Wanderers Ladislav Krejčí
100%
Czech Republic 1 GK PSV Eindhoven Matej Kovar
100%
Czech Republic 10 ST Bayer 04 Leverkusen Patrik Schick
100%
Czech Republic 15 AM Olympique Lyon Pavel Sulc
100%
Czech Republic 22 DM West Ham United Tomáš Souček
100%
Czech Republic 5 RB TSG 1899 Hoffenheim Vladimír Coufal
100%
Czech Republic 14 LB SK Slavia Prague David Jurásek
75%
Czech Republic 16 GK SK Slavia Prague Jindrich Stanek
75%
Czech Republic 21 RM SK Slavia Prague David Doudera
50%
Czech Republic 25 CM AC Sparta Prague Hugo Sochurek
50%
Czech Republic 19 ST AC Sparta Prague Jan Kuchta
50%
Czech Republic 20 CB AC Sparta Prague Jaroslav Zelený
50%
Czech Republic 23 GK SC Braga Lukas Hornicek
50%
Czech Republic 17 LW SK Slavia Prague Lukas Provod
50%
Czech Republic 18 CM SK Slavia Prague Michal Sadílek
50%
Czech Republic Manager Czech Republic Miroslav Koubek
50%
Czech Republic 13 ST SK Slavia Prague Mojmír Chytil
50%
Czech Republic 3 CB SK Slavia Prague Tomas Holes
50%
Czech Republic 8 CM FC Hradec Kralove Vladimír Darida
50%
Czech Republic 24 CM FC Viktoria Plzen Alexandr Sojka
25%
Czech Republic 2 CB SK Slavia Prague David Zima
25%
Czech Republic 26 AM FC Viktoria Plzen Denis Visinsky
25%
Czech Republic 12 CM FC Viktoria Plzen Lukas Cerv
25%
Czech Republic 4 CB TSG 1899 Hoffenheim Robin Hranac
25%
Czech Republic 6 CB SK Slavia Prague Stepan Chaloupek
25%
Czech Republic 11 ST SK Slavia Prague Tomas Chory
25%
No matching quizzes found
Score Distribution
Percent of People with Each Score
Percentile by Number Answered
Your Score History
You have not taken this quiz